Culture Générale - Série 1786 - Statistiques

Statistiques générales
  • Ce quiz a été pris 397 fois
  • Le résultat moyen est 4 sur 10
Statistiques - réponses
Question Réponse % Correct
Dans le langage familier, quelles fleurs survole-t-on au ras ? pâquerettes
93%
Comment appelle-t-on un album de fleurs séchées ? herbier
54%
Quel est l'équivalent grec du dieu Mercure ? Hermès
49%
Quelle est la capitale de l'Ouzbékistan ? Tachkent
45%
Comment appelle-t-on la danse de couple à trois temps apparue en Lombardie vers 1480 ? indice : Brive gaillarde
38%
Quelle est la sainte patronne des causes désespérées et des choses impossibles ? Rita
32%
Comment appelle-t-on un "grain de beauté" dans le domaine médical ? naevus
20%
Quel mot composé d'origine hébraïque signifie "tintamarre","désordre et confusion" ? tohu bohu
19%
Dans quelle ville de Seine-Maritime la comédienne Valérie Lemercier est-elle née ? Dieppe
10%
Dans la Rome antique, comment appelait-on le jeton servant entre autres de billet d'entrée pour les spectacles ? tessère
6%
Aucun quiz correspondant
Distribution des résultats
% des personnes avec chaque résultat
Percentile par nombre de réponses
Votre historique - résultats
Vous n’avez pas pris ce quiz